| 000 | 01264nam a2200325 i 4500 | ||
|---|---|---|---|
| 003 | DO-SdBNP | ||
| 005 | 20250627152301.0 | ||
| 007 | ta | ||
| 008 | 250627r199u dr ab||| |||| 00| 0 spa d | ||
| 040 |
_aDO-SdBNP _bspa _cBNPHU _erda |
||
| 041 | _hspa | ||
| 082 | 4 |
_axxx _bA334 _222 |
|
| 100 | 1 |
_aAlberto, Miledys _eautora _984066 _4aut. |
|
| 245 | 1 | 0 |
_aEstudios sociales y Ciencias naturales 8º: _bcuaderno de trabajo / _cMiledys alberto, Andrés Molina, Berlina Liria, Manuel Valdez, María del Mar González |
| 264 | 4 |
_aSanto Domingo : _bSecretaría de Estado de Educación, Bellas Artes y Cultos, _c[199-]. |
|
| 300 |
_a88 páginas : _bilustraciones, gráficas ; _c27 cm. |
||
| 336 |
_atexto _btxt _2rdacontent |
||
| 337 |
_asinmediación _bn _2rdamedia |
||
| 338 |
_avolumen _bnc _2rdacarrier |
||
| 500 | _aLa biblioteca posee el cuaderno de trabajo. | ||
| 590 | _aInventariado 2025 / YL | ||
| 650 | 4 |
_aLengua Española _xLibro de Texto _928072 |
|
| 650 | 0 |
_aCiencias sociales _xLibro de Texto _91065 |
|
| 700 | 1 |
_aMolina, Andrés _91536 _eautor _4aut. |
|
| 700 | 1 |
_aLiria, Berlina _eautor _4aut. _988214 |
|
| 700 | 1 |
_aValdez, Manuel _eautor _4aut. _946323 |
|
| 700 | 1 |
_aGonzález, María del Mar _eautor _4aut. _984068 |
|
| 910 | _aYLlockward | ||
| 942 |
_2ddc _cLBS1 |
||
| 999 |
_c59396 _d59396 |
||